Cambio de voz (Registro nro. 24011)

Detalles MARC
000 -CABECERA
Longitud fija campo de control 00548nam a2200205 a 4500
003 - • IDENTIFICADOR DELl NÚMERO DE CONTROL
Identificador del número de control CO-ViMGA
008 - • CÓDIGOS DE INFORMACIÓN DE LONGITUD FIJA
Códigos de información de longitud fija 141112s2004 ck r 000 u spa d
020 ## - • NÚMERO INTERNACIONAL NORMALIZADO PARA LIBROS
Número Internacional Normalizado para Libros (ISBN) 9580445920
040 ## - FUENTE DE LA CATALOGACIÓN
Centro catalogador de origen CO-ViMGA
Lengua de catalogación spa
Centro transcriptor CO-ViMGA
082 04 - • NÚMERO DE LA CLASIFICACIÓN DECIMAL DEWEY
Número de clasificación (R) Co863 V172C
100 1# - • PUNTO DE ACCESO PRINCIPAL-NOMBRE DE PERSONA
Nombre de persona Vasco, Irene
245 10 - • TITULO PROPIAMENTE DICHO
Título Cambio de voz
300 ## - • DESCRIPCIÓN FÍSICA
Extensión 70
490 ## - • MENCIÓN DE SERIE
Mención de serie Zona Libre
590 ## - NOTAS LOCALES
Nota local Forma de adquisición : Compra 2005 - - Precio :
-- 7.010 Ej.1.
650 14 - • PUNTO DE ACCESO ADICIONAL DE MATERIA - TÉRMINO DE MATERIA
Término de materia o nombre geográfico como elemento inicial CUENTOS JUVENILES COLOMBIANOS
942 ## - ENTRADA DE ELEMENTOS AGREGADOS (KOHA)
Fuente de clasificaión o esquema Dewey Decimal Classification
Koha [por defecto] tipo de item LIbro
Existencias
Perdido Fuente de clasificación o esquema Estado Físico No para préstamo Forma de adquisición Localización permanente Localización actual Fecha adquisición Serie de enumeración / cronolog&íacute;a Préstamos totales Signatura completa Código de barras Fecha última consulta Número de copia Fecha del precio de reemplazo Tipo de item de Koha Localización en estanterías Número de registro
  Dewey Decimal Classification     Sala General Segundo Piso Biblioteca Pública Germán Arciniegas - Villavicencio Biblioteca Pública Germán Arciniegas - Villavicencio 12/04/2015 Volumen. 1 | 11/jun/2009   Co863 V172C 13263 08/18/2017 Ej. 1 12/04/2015 LIbro    
  Dewey Decimal Classification       Biblioteca Pública Vistahermosa Biblioteca Pública Vistahermosa 07/09/2025     Co863 V172C VIS 0002599 07/09/2025 Ej.1 07/09/2025 LIbro General C VAS1









Instituto Departamental de Cultura del Meta - Red Departamental de Bibliotecas Públicas del Meta.